000 00573nam a2200181Ia 4500
008 100917s9999 xx 000 0 und d
082 _b31879
100 _aगोडसे म. द.
245 _aसंगीत शास्त्र परिचय
260 _bमधुरंजन प्रकाशन
_c1977
300 _a180
365 _b8
520 _aसंगीत
630 _aसंगीत शास्त्र परिचय
650 _aसंगीत
730 _aसंगीत शास्त्र परिचय
942 _cBOOK
999 _c637273
_d637270